La reforma en el proceso penal

Bibliographic Details
Main Author: Schünemann, Bernd
Format: Unknown
Language:Spanish
Published: [Madrid] : Dykinson, 2005
Subjects:
Online Access:Acceso restringido

MARC

LEADER 00000ny a22000003n 4500
005 20110523151533.0
008 080619s2005 sp s 000 0 spa c
020 |a 8497726774 
035 |a 1292 
040 |a UMA.RE  |d vLex 
080 |a 343.13(430)(0.034) 
090 |c 180  |d 180 
100 1 |a Schünemann, Bernd 
245 1 3 |a La reforma en el proceso penal  |h [Recurso electrn̤ico]  |c Bernd Schünemann 
256 |a Servicio en ln̕ea 
260 |a [Madrid] :  |b Dykinson,  |c 2005 
506 1 |a Contenido solo disponible en los productos indicados  |d vLex Global  |d vLex Global (Academic Edition, excluding Law Schools)  |d vLex Global (U.S. Academic Edition, Law Schools)  |d vLex Global (U.S. Academic Edition, excluding Law Schools)  |d vLex Global (Academic Edition, Law Schools) 
650 0 7 |2 Tesauro vLex  |a Ley de enjuiciamiento criminal 
650 0 7 |2 Tesauro vLex  |a Procesal 
650 0 7 |2 Tesauro vLex  |a Proceso penal 
740 0 |a vLex Libros (Servicios en ln̕ea) 
856 4 0 |z Acceso restringido  |u http://vlex.com/source/proceso-penal-reforma-1292 
942 |c BOOK 
999 0 |a Procedure (Law)  |b Madrid